00730nam a2200193Ia 4500001001000000003000500010008004100015010001100056040000900067100002700076245004600103260003400149500002200183505019500205630002500400650003900425650003400464650003800498Para_1764CHAP220125s1998 xx 000 0 und d a200396 cCHAP aQuiñonez F., Juan A. aChile bell /c por Juan A. Quiñonez F. aCuliacán, Sin. :b El autor aVIDEOCASSETTE-VHS aContiene: Actividades culturals necesarias para producir chile bell de alta calidad. También se describen minuciosamente las plagas y enfermedades que le atacan y la estrategia de control. aMATERIAL AUDIOVISUAL aChile (botánica) x enfermedades aChile (botánica) x plagas  aChile (botánica) x variedades